| 000 | 00883nac a22002051u 4500 | ||
|---|---|---|---|
| 008 | 090608t xxu||||| |||| 00| 0 eng d | ||
| 010 | _a83020369 | ||
| 020 | _a0070479828 | ||
| 020 | _a0070664609 | ||
| 082 | 0 | 0 |
_a621.4022 _bOZI |
| 100 |
_aOzisik, M. Necati _95923 |
||
| 245 | 1 | 0 |
_aHeat Transfer : _bA Basic Approach / _cM. Necati Ozisik |
| 260 |
_aNew York : _bMcGraw-Hill, _cc1985. |
||
| 300 |
_axvi, 780 p. : _bill. ; _c25 cm. |
||
| 504 | _aIncludes bibliographies and indexes. | ||
| 650 | 0 |
_aHeat _xTransmission. _95924 |
|
| 942 |
_cBB _k621.4022 OZI _2ddc |
||
| 999 |
_c7326 _d7326 |
||